Science Quiz

Random Science or Clickable Quiz

Quick Pick: Tectonic Plates Quiz Stats

 Plays Quiz not verified by Sporcle

Score 0/15 Timer 01:00
0 Plays Today
% Correct
North American
87.5%
South American
84.5%
Pacific
83.5%
Eurasian
82.5%
Australian
81.3%
Antarctic
79.7%
Indian
78.5%
African
78.3%
% Correct
Caribbean
74.9%
Juan de Fuca
73.6%
Arabian
69.9%
Nazca
69.1%
Cocos
60.1%
Scotia
59.1%
Filipino
57.3%

You're not logged in!

Compare scores with friends on all Sporcle quizzes.
OR
Log In

Show Comments

Extras

Top Quizzes Today


Score Distribution

Your Account Isn't Verified!

In order to create a playlist on Sporcle, you need to verify the email address you used during registration. Go to your Sporcle Settings to finish the process.

Report this User

Report this user for behavior that violates our Community Guidelines.

Details: